| 000 | 00625nam a2200181 a 4500 | ||
|---|---|---|---|
| 001 | 000035478 | ||
| 005 | 20200930074354.0 | ||
| 008 | 111101s1988 mx 000 0 spa d | ||
| 020 | _a9684515197 | ||
| 040 |
_aDO-SdBNP _bspa _cBNPHU |
||
| 082 |
_axxxx _bxxxx |
||
| 100 | 1 |
_aFernández Collado, Carlos _961346 |
|
| 245 | 1 | 3 |
_aLa comunicación humana : _bciencia social / _cCarlos Fernández Collado, Gordon L. Dahnke ; traducción Alfonso Carrillo Escalante. |
| 260 |
_aMéxico, : _bMcGrawHill, _c1988. |
||
| 300 |
_a468 p. ; _c24 cm. |
||
| 700 | 1 |
_aL. Dahnke, Gordon _961347 |
|
| 700 | 1 |
_aCarrillo Escalante, Alfonso, _etr. _961348 |
|
| 999 |
_c34969 _d34969 |
||